Wireless communications and networking (Record no. 4684)
[ view plain ]
| 000 -LEADER | |
|---|---|
| fixed length control field | 00450 a2200145 4500 |
| 020 ## - INTERNATIONAL STANDARD BOOK NUMBER | |
| International Standard Book Number | 8131708756 |
| 040 ## - CATALOGING SOURCE | |
| Original cataloging agency | DLC |
| Language of cataloging | DLC |
| 100 1# - MAIN ENTRY--PERSONAL NAME | |
| Personal name | Mark, Jon W. |
| 245 10 - TITLE STATEMENT | |
| Title | Wireless communications and networking |
| Statement of responsibility, etc. | Jon W. Mark and Weihua Zhuang. |
| 260 ## - PUBLICATION, DISTRIBUTION, ETC. | |
| Place of publication, distribution, etc. | Upper Saddle River, N.J. : |
| Name of publisher, distributor, etc. | Prentice Hall, |
| Date of publication, distribution, etc. | c2003. |
| 300 ## - PHYSICAL DESCRIPTION | |
| Extent | xii, 356 p. : |
| Other physical details | ill. ; |
| Dimensions | 25 cm. |
| 650 #0 - SUBJECT ADDED ENTRY--TOPICAL TERM | |
| Topical term or geographic name entry element | Wireless communication systems. |
| 700 1# - ADDED ENTRY--PERSONAL NAME | |
| Personal name | Zhuang, Weihua. |
| 942 ## - ADDED ENTRY ELEMENTS (KOHA) | |
| Koha item type | Book |
| Call number prefix | 621.3981 MAR |
| Source of classification or shelving scheme | |
| Withdrawn status | Lost status | Damaged status | Not for loan | Collection code | Permanent Location | Current Location | Shelving location | Date acquired | Source of acquisition | Cost, normal purchase price | Total Checkouts | Full call number | Barcode | Date last seen | Price effective from | Koha item type | Date last checked out |
|---|---|---|---|---|---|---|---|---|---|---|---|---|---|---|---|---|---|
| Central Library (CL) | Central Library (CL) | General Stacks | 05/19/2009 | Star Books | 400.13 | 621.3981 MAR | SEECS009488 | 11/14/2012 | 01/05/2017 | Book | |||||||
| Central Library (CL) | Central Library (CL) | General Stacks | 05/19/2009 | Star Books | 400.13 | 1 | 621.3981 MAR | SEECS009492 | 03/20/2019 | 01/05/2017 | Book | 02/07/2019 | |||||
| Central Library (CL) | Central Library (CL) | General Stacks | 05/19/2009 | Star Books | 400.13 | 1 | 621.3981 MAR | SEECS009491 | 03/14/2019 | 01/05/2017 | Book | 02/07/2019 | |||||
| Central Library (CL) | Central Library (CL) | General Stacks | 05/19/2009 | Star Books | 400.13 | 621.3981 MAR | SEECS009490 | 11/14/2012 | 01/05/2017 | Book | |||||||
| Central Library (CL) | Central Library (CL) | General Stacks | 05/19/2009 | Star Books | 400.13 | 621.3981 MAR | SEECS009489 | 11/14/2012 | 01/05/2017 | Book |
